| 000 | 00700nam a2200205 a 4500 | ||
|---|---|---|---|
| 001 | 000031601 | ||
| 005 | 20200930063039.0 | ||
| 008 | 110628q1980 dr ab 000 | spa d | ||
| 040 |
_aDO-SdBNP _bspa _cBNPHU |
||
| 082 |
_axxx _bG268c |
||
| 100 | 1 |
_aGaugé, Gérard _957927 |
|
| 245 | 1 | 0 | _aCuantificación y confiabilidad de la producción langostera de la República Dominicana. |
| 260 |
_aSanto Domingo : _bINDOTEC-CENICIT, _c[1980]. |
||
| 300 |
_a39 p. : _bil., mapas ; _c21 cm. |
||
| 490 | 1 |
_aMonografías _v3 |
|
| 500 | _aIncluye notas al pie de las páginas. | ||
| 710 | 2 |
_aInstituto Dominicano de Tecnología Industrial (INDOTEC) _953382 |
|
| 830 | 0 |
_aMonografías; _n3 _957928 |
|
| 049 | _aBNPD | ||
| 999 |
_c31093 _d31093 |
||